| 000 | 00545nam a22001937a 4500 | ||
|---|---|---|---|
| 003 | CEME | ||
| 005 | 20210628210524.0 | ||
| 008 | 210201b xxu||||| |||| 00| 0 eng d | ||
| 020 | _a969-448-057-4 | ||
| 040 | _c. | ||
| 082 | _a954.91 PAK | ||
| 100 |
_aJan, Tarik,Tarik Jan _979783 |
||
| 245 | _aPakistan between secularism and islam,ideology issues and conflict | ||
| 250 | _a2ND | ||
| 260 |
_aISLAMABAD _bINSTITUTE OF POLICY STUDIES _c2003 |
||
| 300 | _a464P | ||
| 650 |
_aPAKISTAN BETWEEN SECULARISM AND ISLAM _979784 |
||
| 942 |
_cBK _2ddc |
||
| 999 |
_c584777 _d584777 |
||